• 首页
  • 本馆介绍
  • 公告通知
  • 最新文献
  • 馆藏检索
  • 电子资源
  • 读者导购
  • 参考咨询
  • 我的图书馆
  • 登录
  • 详细信息显示
  • 放入我的书架
  • 预约/预借图书
  • 作者相关作品
  • 分类相关作品
  • 丛书相关作品
  • 出版社相关作品

书目信息

  • 表格格式
  • 工作单格式
  • 卡片格式
书名: Quantum theory of chemical reactions
作者: edited by Raymond Daudel and Alberte Pullman, Lionel Salem, Alain Veillard
分册号:
分册名:
出版地: Dordrecht ;
 
出版社: D. Reidel Pub. Co
出版时间: c1980-1982.
页数: 3 v. :
开本: 25 cm.
丛书名:
中图分类号:
科图分类号:
其他分类号: O621.13
主题词:
电子资源:
000 01147nam 2200277 a 4500
001 E0759730142
005 20070301163552.53
008 00100 eng
008 uu
010    @a79022914
020    @a9027710473 (v. 1).
049    @aN5LA
050 0  @aQD462.5 @b.Q38
082    @a541/.28
090    @a2/O641.12/QTC///////////380967/ v.1/363486/ v.2/462467/ v.3
090    @aO621.13
096    @aO641.12 @v2
099    @dO621.13@ex4:3
245 00 @aQuantum theory of chemical reactions / @cedited by Raymond Daudel and Alberte Pullman, Lionel Salem, Alain Veillard
260 0  @aDordrecht ;@aBoston :@bD. Reidel Pub. Co.,@cc1980-1982.
300    @a3 v. :@bill. ;@c25 cm.
504    @aIncludes bibliographical references and indexes.
505 0  @av. 1. Collision theory, reaction path, static indices.--v. 2. Solvent effect, reaction mechanisms, photochemical processes.--v. 3. Chemisorption, catalysis, biochemical reactions.
650  0 @aQuantum chemistry @xAddresses, essays, lectures.
700 10 @aDaudel, Raymond. @b00 @c20020930 @lNLC09 @h2248 @lNLC09 @h2318 @lNLC09 @h1909
852 9  @bWWJC @cJ08S @k2 @hO641.12 @iQTC
    
    Quantum theory of chemical reactions / / edited by Raymond Daudel and Alberte Pullman, Lionel Salem, Alain Veillard.-Dordrecht ; ; Boston : : D. Reidel Pub. Co., , c1980-1982.
    3 v. : : ill. ; ; 25 cm.
    Includes bibliographical references and indexes.-v. 1. Collision theory, reaction path, static indices.--v. 2. Solvent effect, reaction mechanisms, photochemical processes.--v. 3. Chemisorption, catalysis, biochemical reactions.
    
    ISBN 9027710473 (v. 1).
    
●
相关链接 在E读中查询图书 在五车中查询图书 在当当中查询图书 在豆瓣中查询图书


正题名:Quantum theory of chemical reactions     索取号:O621.13/x4:3         预约/预借

序号 登录号 条形码 馆藏地/架位号 状态 备注
1 180975   000637476   第四借阅区/ [索取号:O621.13/x4:3] 在馆    
2 180976   000637494   第二样本阅览室/ [索取号:O621.13/x4:3] 在馆    
3 181997   000637485   第四借阅区/ [索取号:O621.13/x4:3] 在馆    
唐山师范学院图书馆 欢迎您!
大连网信软件有限公司© 版权所有